[Event "M.Chigorin Memorial 2014"]
[Site "St. Petersburg"]
[Date "2014.10.25"]
[Round "8.49"]
[White "Pasiev, Rakhim"]
[Black "Saveliev, Alexei"]
[Result "1-0"]
[WhiteElo "2393"]
[BlackElo "2207"]
[PlyCount "71"]
[EventDate "2014.10.18"]
[EventType "swiss"]
[EventCountry "RUS"]

1. e4 c5 2. Nf3 d6 3. d4 cxd4 4. Nxd4 Nf6 5. Nc3 a6 6. Bg5 e6 7. Qd2 Nc6 8.
O-O-O Bd7 9. f3 Be7 10. h4 b5 11. Bxf6 gxf6 12. f4 Qb6 13. Nf3 O-O-O 14. g4 h6
15. Bd3 Kb8 16. Kb1 Rc8 17. Rc1 Na5 18. g5 hxg5 19. hxg5 fxg5 20. fxg5 Nb7 21.
Qf4 Rxh1 22. Rxh1 Be8 23. e5 Nc5 24. Ne4 Nxe4 25. Bxe4 Qc7 26. Rd1 dxe5 27.
Nxe5 Rd8 28. Rxd8+ Bxd8 29. Bf3 Ka7 30. b4 Qb8 31. Qd4+ Bb6 32. Qe4 Bc7 33. Nd3
Bd6 34. g6 fxg6 35. Qxe6 g5 36. Qe3+ 1-0

[Event "M.Chigorin Memorial 2014"]
[Site "St. Petersburg"]
[Date "2014.10.25"]
[Round "8.50"]
[White "Nazaretyan, Tigran"]
[Black "Iljin, Timofey"]
[Result "0-1"]
[WhiteElo "2168"]
[BlackElo "2388"]
[PlyCount "88"]
[EventDate "2014.10.18"]
[EventType "swiss"]
[EventCountry "RUS"]

1. d4 d5 2. c4 e6 3. Nc3 Bb4 4. a3 Bxc3+ 5. bxc3 c5 6. cxd5 exd5 7. e3 Bf5 8.
Ne2 Nf6 9. Ng3 Bg6 10. Bd3 O-O 11. f3 Qa5 12. Bxg6 hxg6 13. Bd2 Qa6 14. Qe2
Qxe2+ 15. Kxe2 Nc6 16. Rhb1 b6 17. Rb5 Nd7 18. Kd3 Na5 19. Ke2 Rfe8 20. e4 a6
21. Rbb1 c4 22. Be3 Nb3 23. Ra2 b5 24. e5 a5 25. Nf1 b4 26. Rbb2 bxc3 27. Rc2
Nb8 28. Rxc3 Nc6 29. f4 Ncxd4+ 30. Bxd4 Nxd4+ 31. Kf2 Ne6 32. Kf3 Nd4+ 33. Kf2
Nb3 34. Nd2 a4 35. Nf3 Red8 36. f5 Rac8 37. Rac2 Nc5 38. Nd2 Nd3+ 39. Kg3 g5
40. f6 Nxe5 41. Re3 Nc6 42. Nf3 d4 43. Re1 c3 44. Rd1 Rb8 0-1

[Event "M.Chigorin Memorial 2014"]
[Site "St. Petersburg"]
[Date "2014.10.25"]
[Round "8.51"]
[White "Sivuk, Vitaly"]
[Black "Naumenko, Oleg"]
[Result "1-0"]
[WhiteElo "2523"]
[BlackElo "2133"]
[PlyCount "63"]
[EventDate "2014.10.18"]
[EventType "swiss"]
[EventCountry "RUS"]

1. e4 c5 2. Nf3 e6 3. d4 cxd4 4. Nxd4 a6 5. c4 Qc7 6. Nc3 Nf6 7. Be2 b6 8. O-O
Bb7 9. Qd3 Be7 10. f4 d6 11. Be3 Nbd7 12. b4 Rc8 13. Rac1 O-O 14. a3 Qb8 15. g4
h6 16. h4 Nh7 17. g5 hxg5 18. hxg5 d5 19. cxd5 Nxg5 20. Nc6 Rxc6 21. dxc6 Bxc6
22. Kg2 Nh7 23. Nd5 Bxd5 24. exd5 exd5 25. Qxd5 Nhf6 26. Qf3 a5 27. Qh3 Re8 28.
Bb5 Qb7+ 29. Bc6 Qc7 30. Rh1 Kf8 31. Bxd7 Qxd7 32. Qxd7 1-0

[Event "M.Chigorin Memorial 2014"]
[Site "St. Petersburg"]
[Date "2014.10.25"]
[Round "8.52"]
[White "Airapetian, Gor"]
[Black "Yeletsky, Ivan"]
[Result "1/2-1/2"]
[WhiteElo "2502"]
[BlackElo "2284"]
[PlyCount "80"]
[EventDate "2014.10.18"]
[EventType "swiss"]
[EventCountry "RUS"]

1. d4 Nf6 2. c4 g6 3. Nc3 d5 4. Bf4 Bg7 5. e3 O-O 6. Rc1 Be6 7. Qb3 c5 8. Nf3
dxc4 9. Bxc4 Bxc4 10. Qxc4 cxd4 11. Nxd4 Nbd7 12. Bg3 Rc8 13. Qe2 Ne4 14. O-O
Nxc3 15. Rxc3 Rxc3 16. bxc3 Qa5 17. Rb1 Nb6 18. Bc7 Qxc3 19. Bxb6 axb6 20. Rxb6
Qa1+ 21. Qf1 Bxd4 22. exd4 Qxa2 23. Rxb7 e6 24. Qe1 Rd8 25. h3 Qa6 26. Rb4 Qd6
27. Qe3 h5 28. Rc4 Kh7 29. Qf3 Kg7 30. Qe4 Qd5 31. Qxd5 Rxd5 32. Kf1 e5 33.
dxe5 Rxe5 34. h4 Kf6 35. g3 Re7 36. Kg2 Re5 37. Kf1 Re7 38. Kg2 Re5 39. Kf1 Re7
40. Kg2 Re5 1/2-1/2

[Event "M.Chigorin Memorial 2014"]
[Site "St. Petersburg"]
[Date "2014.10.25"]
[Round "8.53"]
[White "Shemeakin, Alexander"]
[Black "Krapivin, Alexander"]
[Result "0-1"]
[WhiteElo "2270"]
[BlackElo "2442"]
[PlyCount "112"]
[EventDate "2014.10.18"]
[EventType "swiss"]
[EventCountry "RUS"]

1. d4 d5 2. c4 e6 3. Nf3 c6 4. Qc2 f5 5. Bf4 Nf6 6. e3 Bd6 7. Bd3 O-O 8. O-O
Bxf4 9. exf4 dxc4 10. Bxc4 Nd5 11. Bxd5 cxd5 12. Nbd2 Nc6 13. Qc5 Qb6 14. Nb3
Bd7 15. Rac1 Rac8 16. Qxb6 axb6 17. a3 h6 18. h4 Kf7 19. Rc3 Ke7 20. Rfc1 Ra8
21. Kh2 Rh8 22. Kg3 Ra4 23. Rd1 Be8 24. Rdd3 Rg8 25. Nbd2 Bh5 26. Rb3 Bxf3 27.
Nxf3 Ra6 28. Rb5 Kd6 29. Rdb3 Kc7 30. h5 g5 31. hxg6 Rxg6+ 32. Kh3 Rg7 33. g3
h5 34. Re3 Kd6 35. Rbb3 h4 36. Rbd3 hxg3 37. fxg3 Ra4 38. b4 Ra8 39. Re1 Rc8
40. Ng5 Nd8 41. g4 fxg4+ 42. Kxg4 Rc2 43. Ree3 Rg8 44. Rc3 Rxc3 45. Rxc3 Nc6
46. Rd3 b5 47. Rd1 Ke7 48. Rh1 Rg7 49. Rd1 Kf6 50. Kf3 Rg8 51. Ke3 Ra8 52. Rd3
Ne7 53. Kd2 Nf5 54. Nf3 Rh8 55. Ne5 Rh4 56. Kc3 Rxf4 0-1

[Event "M.Chigorin Memorial 2014"]
[Site "St. Petersburg"]
[Date "2014.10.25"]
[Round "8.54"]
[White "Samdanov, Samdan"]
[Black "Bodnaruk, Anastasia"]
[Result "1-0"]
[WhiteElo "2278"]
[BlackElo "2440"]
[PlyCount "113"]
[EventDate "2014.10.18"]
[EventType "swiss"]
[EventCountry "RUS"]

1. d4 Nf6 2. Nf3 e6 3. g3 b5 4. Qd3 a6 5. a4 b4 6. e4 d6 7. a5 Bb7 8. Nbd2 c5
9. dxc5 dxc5 10. Qxd8+ Kxd8 11. Ne5 Ke8 12. f3 Nfd7 13. Nxd7 Nxd7 14. Nc4 Rd8
15. Bd3 Nb8 16. Ke2 Nc6 17. c3 Be7 18. Be3 f6 19. h4 h5 20. Bc2 Kf7 21. Rhc1 g5
22. hxg5 fxg5 23. Rh1 h4 24. gxh4 gxh4 25. Ba4 Bf6 26. Bxc5 bxc3 27. Nd6+ Rxd6
28. Bxd6 cxb2 29. Rab1 Bd4 30. Rhd1 e5 31. Ba3 h3 32. Bxb2 h2 33. Bxd4 Nxd4+
34. Kf2 Bc8 35. Rh1 Be6 36. Bd1 Bc4 37. Rb7+ Kf6 38. Kg3 Rg8+ 39. Kxh2 Ne6 40.
Bb3 Nf4 41. Rb6+ Ke7 42. Rd1 Rh8+ 43. Kg3 Rg8+ 44. Kh4 Ng2+ 45. Kh5 Nf4+ 46.
Kh6 Bxb3 47. Rxb3 Ne6 48. Kh7 Rg3 49. Rb7+ Kf6 50. Kh8 Rxf3 51. Rh1 Nf4 52.
Rb6+ Kg5 53. Rg1+ Kh5 54. Kh7 Kh4 55. Rh6+ Nh5 56. Rh1+ Kg4 57. R6xh5 1-0

[Event "M.Chigorin Memorial 2014"]
[Site "St. Petersburg"]
[Date "2014.10.25"]
[Round "8.55"]
[White "Petrosyan, Tigran S"]
[Black "Melnikov, Dmitry"]
[Result "1-0"]
[WhiteElo "2426"]
[BlackElo "2260"]
[PlyCount "73"]
[EventDate "2014.10.18"]
[EventType "swiss"]
[EventCountry "RUS"]

1. e4 c6 2. d4 Na6 3. Nf3 Nc7 4. Nc3 g6 5. h4 h5 6. Ng5 Bg7 7. Be3 Nh6 8. Qd2
d5 9. e5 Bf5 10. O-O-O Qd7 11. Bf4 Ne6 12. Nxe6 Bxe6 13. f3 Nf5 14. Kb1 Nh6 15.
Re1 b6 16. Bd3 O-O-O 17. Rd1 Kb7 18. Qe2 Ka8 19. Be3 Bf5 20. Bxh6 Bxh6 21. Bxf5
Qxf5 22. g4 Qf4 23. Qg2 hxg4 24. fxg4 f5 25. g5 Bg7 26. Ne2 Qe3 27. Rh3 Qe4 28.
Qxe4 dxe4 29. Nf4 Rd7 30. Nxg6 Rhd8 31. c3 c5 32. h5 cxd4 33. cxd4 Rxd4 34.
Rxd4 Rxd4 35. h6 Bh8 36. Nxh8 f4 37. h7 1-0

[Event "M.Chigorin Memorial 2014"]
[Site "St. Petersburg"]
[Date "2014.10.25"]
[Round "8.56"]
[White "Khusenkhojaev, Muhammad"]
[Black "Gogolev, Artem"]
[Result "0-1"]
[WhiteElo "2416"]
[BlackElo "2253"]
[PlyCount "112"]
[EventDate "2014.10.18"]
[EventType "swiss"]
[EventCountry "RUS"]

1. Nf3 Nf6 2. c4 e6 3. Nc3 Bb4 4. Qc2 O-O 5. a3 Bxc3 6. Qxc3 b6 7. g3 Bb7 8.
Bg2 d6 9. d4 Nbd7 10. O-O c5 11. dxc5 Nxc5 12. b4 Nce4 13. Qd4 Qe7 14. Ng5 Nxg5
15. Bxg5 Bxg2 16. Kxg2 Qb7+ 17. f3 Ne8 18. e4 h6 19. Be3 Rc8 20. Rfc1 Qb8 21.
a4 Nf6 22. a5 Nd7 23. axb6 axb6 24. Rd1 Ne5 25. Rac1 b5 26. c5 dxc5 27. bxc5
Rfd8 28. Qc3 b4 29. Qb3 Qb5 30. Bf2 Nd3 31. Qc4 Qxc4 32. Rxc4 Nf4+ 33. gxf4
Rxd1 34. Rxb4 Rc1 35. Rb2 Kf8 36. Kg3 Ke7 37. Rb7+ Ke8 38. f5 exf5 39. exf5 Rc4
40. f4 Kf8 41. Kg4 Kg8 42. h4 f6 43. Rd7 Re8 44. Rd3 Re2 45. Kf3 Re7 46. h5 Kf7
47. Be3 Ke8 48. Bd4 Rd7 49. Ke3 Kd8 50. Rd2 Kc7 51. Rd3 Kc6 52. Rd2 Rd8 53. Rd3
Rd5 54. Rd2 Ra4 55. Rd3 Rxf5 56. Rb3 Rd5 0-1

[Event "M.Chigorin Memorial 2014"]
[Site "St. Petersburg"]
[Date "2014.10.25"]
[Round "8.57"]
[White "Sarana, Alexey"]
[Black "Ganichev, Alexander"]
[Result "1-0"]
[WhiteElo "2416"]
[BlackElo "2247"]
[PlyCount "81"]
[EventDate "2014.10.18"]
[EventType "swiss"]
[EventCountry "RUS"]

1. Nf3 d5 2. c4 e6 3. g3 dxc4 4. Qa4+ Nd7 5. Qxc4 c5 6. Bg2 a6 7. Qb3 Ngf6 8.
O-O Rb8 9. d4 Bd6 10. Rd1 cxd4 11. Nxd4 Qe7 12. Nd2 Nc5 13. Qc2 e5 14. Nc4 Bc7
15. b4 exd4 16. bxc5 O-O 17. Ba3 Re8 18. Rd2 Qe6 19. Re1 Qg4 20. h3 Qh5 21.
Rxd4 Bxh3 22. Rh4 Bf5 23. e4 Qg6 24. Nd6 Bxd6 25. cxd6 b5 26. Qd2 Be6 27. Bb4
Nd7 28. Bc3 f6 29. e5 fxe5 30. Bxe5 Bf5 31. Bd5+ Kh8 32. Rh6 Qg4 33. Bb2 Rxe1+
34. Qxe1 Nb6 35. Bf7 Nc4 36. Rh4 Qf3 37. d7 Bxd7 38. Qe7 Qd1+ 39. Kh2 Qd6 40.
Rxh7+ Kxh7 41. Qe4+ 1-0

[Event "M.Chigorin Memorial 2014"]
[Site "St. Petersburg"]
[Date "2014.10.25"]
[Round "8.58"]
[White "Caprio, Guido"]
[Black "Tugarin, Anton"]
[Result "1-0"]
[WhiteElo "2412"]
[BlackElo "2242"]
[PlyCount "91"]
[EventDate "2014.10.18"]
[EventType "swiss"]
[EventCountry "RUS"]

1. Nf3 d5 2. d4 e6 3. c4 c6 4. Nc3 dxc4 5. a4 Bb4 6. e3 b5 7. Bd2 a5 8. axb5
Bxc3 9. Bxc3 cxb5 10. b3 Bb7 11. bxc4 b4 12. Bb2 Nf6 13. c5 O-O 14. Bb5 Qd5 15.
O-O Nc6 16. Re1 Ne7 17. Qc2 Ng6 18. e4 Nxe4 19. c6 Qxb5 20. cxb7 Qxb7 21. Qxe4
Qxe4 22. Rxe4 a4 23. d5 a3 24. Bc1 Rfb8 25. dxe6 fxe6 26. Nd2 Ra6 27. Nb3 Ne7
28. Bf4 Rb5 29. Bd2 Nd5 30. Rc4 e5 31. Kf1 a2 32. Rc2 Ra3 33. Rb2 Nb6 34. Raxa2
Nc4 35. Rc2 Nxd2+ 36. Nxd2 Rd3 37. Ke2 Rd7 38. Rab2 Kf7 39. Rb3 h6 40. Rc4 Rdb7
41. f3 R7b6 42. Nf1 Ke6 43. Ne3 Kf6 44. Rbxb4 Rxb4 45. Rxb4 Rd6 46. Ng4+ 1-0

[Event "M.Chigorin Memorial 2014"]
[Site "St. Petersburg"]
[Date "2014.10.25"]
[Round "8.59"]
[White "Guzenko, Artem"]
[Black "Chashchev, Sergey"]
[Result "1-0"]
[WhiteElo "2258"]
[BlackElo "2390"]
[PlyCount "73"]
[EventDate "2014.10.18"]
[EventType "swiss"]
[EventCountry "RUS"]

1. e4 d6 2. d4 Nf6 3. Bd3 e5 4. d5 Be7 5. c4 O-O 6. Nc3 g6 7. Nge2 Nh5 8. O-O
Bg5 9. b4 a5 10. a3 Nf4 11. Nxf4 exf4 12. Bb2 Nd7 13. Nb5 Ne5 14. Bxe5 dxe5 15.
c5 Bd7 16. Qb3 f3 17. g3 Bh3 18. Rfd1 Qd7 19. Qc3 Rae8 20. c6 bxc6 21. dxc6 Qc8
22. bxa5 h5 23. Bc4 Qg4 24. Nxc7 Rc8 25. Qxe5 h4 26. Rd6 Kh7 27. Ne6 Bh6 28.
Nxf8+ Rxf8 29. Qe7 hxg3 30. hxg3 Rg8 31. Rf6 Rg7 32. Rxf7 Rxf7 33. Bxf7 Bg7 34.
Rd1 Qc8 35. c7 Bf8 36. Qf6 Qxc7 37. Qxg6+ 1-0

[Event "M.Chigorin Memorial 2014"]
[Site "St. Petersburg"]
[Date "2014.10.25"]
[Round "8.60"]
[White "Ponfilenok, Vladimir"]
[Black "Shapiro, David"]
[Result "1/2-1/2"]
[WhiteElo "2389"]
[BlackElo "2236"]
[PlyCount "73"]
[EventDate "2014.10.18"]
[EventType "swiss"]
[EventCountry "RUS"]

1. d4 Nf6 2. Nf3 e6 3. g3 b5 4. Bg2 Bb7 5. O-O c5 6. Bg5 Na6 7. c3 Be7 8. Nbd2
cxd4 9. Nxd4 Bxg2 10. Kxg2 Qb6 11. e4 h6 12. Be3 Qb7 13. f3 O-O 14. Qe2 b4 15.
c4 d6 16. Rfd1 Nc5 17. N2b3 Nfd7 18. Nb5 Qc6 19. N3d4 Qb6 20. a3 a5 21. axb4
axb4 22. Nb3 Qc6 23. N3d4 Qb7 24. Bf4 Ne5 25. Nc2 Rxa1 26. Rxa1 b3 27. Bxe5
dxe5 28. Ra7 bxc2 29. Qxc2 Qb6 30. Rxe7 Rd8 31. Qf2 Qa5 32. Qxc5 Qe1 33. Rd7
Qe2+ 34. Kg1 Qe1+ 35. Kg2 Qe2+ 36. Kg1 Qe1+ 37. Kg2 1/2-1/2

[Event "M.Chigorin Memorial 2014"]
[Site "St. Petersburg"]
[Date "2014.10.25"]
[Round "8.61"]
[White "Kosarev, Aleksey"]
[Black "Nanjo, Ryosuke"]
[Result "1/2-1/2"]
[WhiteElo "2237"]
[BlackElo "2384"]
[PlyCount "33"]
[EventDate "2014.10.18"]
[EventType "swiss"]
[EventCountry "RUS"]

1. e4 c5 2. Nf3 d6 3. Bb5+ Nd7 4. d4 cxd4 5. Qxd4 a6 6. Bxd7+ Bxd7 7. c4 e5 8.
Qd3 b5 9. Nc3 Qb8 10. O-O h6 11. Rd1 Nf6 12. Nd5 Nxd5 13. Qxd5 Be6 14. Qc6+ Bd7
15. Qd5 Be6 16. Qc6+ Bd7 17. Qd5 1/2-1/2

[Event "M.Chigorin Memorial 2014"]
[Site "St. Petersburg"]
[Date "2014.10.25"]
[Round "8.62"]
[White "Pletnev, Evgeniy"]
[Black "Sergienko, Sergey"]
[Result "0-1"]
[WhiteElo "2234"]
[BlackElo "2380"]
[PlyCount "100"]
[EventDate "2014.10.18"]
[EventType "swiss"]
[EventCountry "RUS"]

1. f4 d5 2. Nf3 Nf6 3. g3 g6 4. Bg2 Bg7 5. O-O O-O 6. d3 c5 7. c3 Nc6 8. Na3 b6
9. e4 dxe4 10. dxe4 Ba6 11. Qxd8 Raxd8 12. Re1 e5 13. f5 Rfe8 14. Nh4 Bd3 15.
Bf3 Ne7 16. g4 h6 17. Ng2 Kh7 18. Re3 gxf5 19. gxf5 h5 20. b3 Ba6 21. Nc4 Bh6
22. Re1 Bxc4 23. bxc4 Rd3 24. Be2 Rd7 25. Bxh6 Kxh6 26. a4 Nc6 27. Ne3 Rg8+ 28.
Kf1 Nxe4 29. Rad1 Rxd1 30. Rxd1 Rd8 31. Bf3 Rxd1+ 32. Nxd1 Nd2+ 33. Ke2 Nxf3
34. Kxf3 Kg5 35. Ke4 f6 36. Nf2 Na5 37. Kd5 Kxf5 38. Ne4 h4 39. Nd6+ Kf4 40. h3
f5 41. Ke6 e4 42. Nxf5 Nxc4 43. Nxh4 Kg3 44. Nf5+ Kxh3 45. a5 Kg4 46. a6 b5 47.
Nh6+ Kf4 48. Nf5 e3 49. Nh4 Ke4 50. Ng2 b4 0-1

[Event "M.Chigorin Memorial 2014"]
[Site "St. Petersburg"]
[Date "2014.10.25"]
[Round "8.63"]
[White "Semenova, Irina"]
[Black "Yandemirov, Valeri"]
[Result "1/2-1/2"]
[WhiteElo "2220"]
[BlackElo "2375"]
[PlyCount "102"]
[EventDate "2014.10.18"]
[EventType "swiss"]
[EventCountry "RUS"]

1. e4 e5 2. Nf3 Nc6 3. Bb5 a6 4. Ba4 Nf6 5. Qe2 b5 6. Bb3 Bc5 7. c3 d6 8. d3 h6
9. h3 Be6 10. Bxe6 fxe6 11. b4 Ba7 12. a4 O-O 13. Be3 Bxe3 14. Qxe3 Qd7 15. O-O
bxa4 16. Rxa4 Nd4 17. Ra5 Nxf3+ 18. Qxf3 c5 19. bxc5 Qc7 20. Ra3 Qxc5 21. Qe3
Nd7 22. d4 Qc6 23. Nd2 a5 24. Qd3 Rfb8 25. Rfa1 a4 26. d5 exd5 27. exd5 Qb5 28.
Qg6 Nf6 29. c4 Qd7 30. Rg3 Kh8 31. Raa3 Rf8 32. Nf3 Ng8 33. c5 Rf6 34. Qc2 dxc5
35. Nxe5 Qf5 36. Qe2 Kh7 37. Ng4 Rd6 38. Ne3 Qb1+ 39. Kh2 Nf6 40. Qf3 Qe4 41.
Rxg7+ Kxg7 42. Qg3+ Qg6 43. Nf5+ Kh7 44. Qxd6 Qxf5 45. Rf3 Qxf3 46. gxf3 Kg6
47. Qxc5 a3 48. Qc2+ Kg7 49. Qc7+ Kg6 50. Qc2+ Kg7 51. Qc7+ Kg6 1/2-1/2

[Event "M.Chigorin Memorial 2014"]
[Site "St. Petersburg"]
[Date "2014.10.25"]
[Round "8.64"]
[White "Lobanov, Sergei"]
[Black "Grigorjev, Iljya"]
[Result "1/2-1/2"]
[WhiteElo "2372"]
[BlackElo "2203"]
[PlyCount "80"]
[EventDate "2014.10.18"]
[EventType "swiss"]
[EventCountry "RUS"]

1. e4 e5 2. Nf3 Nc6 3. Bb5 a6 4. Ba4 Nf6 5. O-O b5 6. Bb3 Bc5 7. a4 Rb8 8. axb5
axb5 9. Nxe5 Nxe5 10. d4 Bxd4 11. Qxd4 d6 12. f4 Nc6 13. Qc3 Ne7 14. e5 Ne4 15.
Qf3 d5 16. Nc3 Nxc3 17. Qxc3 O-O 18. Be3 Bf5 19. Ra7 Rc8 20. Qc5 Be4 21. Qxb5
Nf5 22. Bf2 c6 23. Qc5 g5 24. Be3 g4 25. Bf2 h5 26. Ba4 h4 27. Be1 d4 28. Bb4
Re8 29. Bb3 Re6 30. Bxe6 fxe6 31. Bd2 Qe8 32. Rfa1 h3 33. g3 Nxg3 34. Re1 Bd5
35. Qxd4 Nf5 36. Qf2 Qh5 37. Ra3 g3 38. Rxg3+ Nxg3 39. hxg3 Qf5 40. Kh2 Qxc2
1/2-1/2

[Event "M.Chigorin Memorial 2014"]
[Site "St. Petersburg"]
[Date "2014.10.25"]
[Round "8.65"]
[White "Kharmunova, Nadezhda"]
[Black "Bazeev, German"]
[Result "0-1"]
[WhiteElo "2206"]
[BlackElo "2369"]
[PlyCount "86"]
[EventDate "2014.10.18"]
[EventType "swiss"]
[EventCountry "RUS"]

1. Nf3 Nf6 2. g3 d5 3. Bg2 g6 4. O-O Bg7 5. d4 c6 6. Ne5 O-O 7. Nd2 Nbd7 8. f4
c5 9. e3 Qc7 10. h3 b6 11. Kh2 Bb7 12. c3 Rad8 13. a4 a6 14. Qe2 Ne8 15. b4 Nd6
16. bxc5 bxc5 17. Ba3 c4 18. Bxd6 exd6 19. Nxd7 Rxd7 20. f5 Re8 21. f6 Bh6 22.
Rf3 Rdd8 23. g4 Bc8 24. Qf2 Qa5 25. Ra3 Bd7 26. Qh4 Bf8 27. Qg5 h6 28. Qf4 Bxa4
29. Rf1 Qb5 30. Rfa1 Bc2 31. R1a2 Be4 32. Ra5 Qd7 33. Bxe4 dxe4 34. d5 Qb7 35.
Nxe4 Re5 36. Rd2 Rde8 37. Rd4 Qb2+ 38. Nf2 Rxe3 39. Rxc4 Re2 40. Kg1 Qb1+ 41.
Kg2 Qc2 42. Kg1 Re1+ 43. Kg2 Qe2 0-1

[Event "M.Chigorin Memorial 2014"]
[Site "St. Petersburg"]
[Date "2014.10.25"]
[Round "8.66"]
[White "Tarasov, Alexandr"]
[Black "Nakhbayeva, Guliskhan"]
[Result "0-1"]
[WhiteElo "2191"]
[BlackElo "2365"]
[PlyCount "72"]
[EventDate "2014.10.18"]
[EventType "swiss"]
[EventCountry "RUS"]

1. d4 Nf6 2. c4 e6 3. g3 d5 4. Nf3 dxc4 5. Bg2 Bb4+ 6. Nbd2 c3 7. bxc3 Bxc3 8.
Rb1 O-O 9. Qc2 Bxd4 10. Nxd4 Qxd4 11. Bb2 Qd8 12. Qc3 Nbd7 13. O-O c6 14. Rfd1
Qc7 15. Ne4 e5 16. Nd6 Rb8 17. Ba3 a6 18. Nxf7 c5 19. Ng5 b5 20. Ne6 Qb6 21.
Nxc5 Re8 22. Nxd7 Bxd7 23. Rd6 Qa7 24. Qa5 Bf5 25. Rbd1 Qf7 26. Rxa6 Kh8 27.
Bb4 Qc4 28. Bd6 Rbd8 29. Qd2 e4 30. Qf4 Bc8 31. Rc1 Qe6 32. Rac6 Bb7 33. Rc7
Nd5 34. Qf7 Nxc7 35. Qxc7 Rc8 36. Qxb7 Rxc1+ 0-1

[Event "M.Chigorin Memorial 2014"]
[Site "St. Petersburg"]
[Date "2014.10.25"]
[Round "8.67"]
[White "Pashinsky, Mikhail"]
[Black "Gritsayeva, Oksana"]
[Result "1-0"]
[WhiteElo "2190"]
[BlackElo "2364"]
[PlyCount "49"]
[EventDate "2014.10.18"]
[EventType "swiss"]
[EventCountry "RUS"]

1. e4 c5 2. Nc3 d6 3. f4 g6 4. Nf3 Bg7 5. Bb5+ Bd7 6. a4 Nf6 7. O-O O-O 8. d3
a6 9. Bc4 e6 10. Qe1 Bc6 11. Ba2 d5 12. f5 exf5 13. exf5 Nbd7 14. fxg6 hxg6 15.
Kh1 d4 16. Ne4 Nxe4 17. dxe4 Ne5 18. Ng5 c4 19. Qh4 Re8 20. Bf4 f6 21. Qh7+ Kf8
22. Bxe5 Rxe5 23. Bxc4 Rxg5 24. Qg8+ Ke7 25. Qe6+ 1-0

[Event "M.Chigorin Memorial 2014"]
[Site "St. Petersburg"]
[Date "2014.10.25"]
[Round "8.68"]
[White "Demianjuk, Alexander"]
[Black "Denishev, Marat"]
[Result "1-0"]
[WhiteElo "2342"]
[BlackElo "2183"]
[PlyCount "65"]
[EventDate "2014.10.18"]
[EventType "swiss"]
[EventCountry "RUS"]

1. d4 d5 2. c4 e6 3. Nf3 Nf6 4. Bg5 c6 5. Nc3 Nbd7 6. cxd5 exd5 7. e3 Bd6 8.
Bd3 O-O 9. Qc2 h6 10. Bh4 Re8 11. O-O Nf8 12. Rae1 Be6 13. Ne5 a6 14. Na4 Rc8
15. Nc5 Bxc5 16. dxc5 g5 17. Bg3 Nh5 18. Nf3 Nxg3 19. hxg3 Bg4 20. Nd4 Ne6 21.
Nxe6 Rxe6 22. Qa4 d4 23. f3 dxe3 24. Qb3 e2 25. Rf2 Rf6 26. fxg4 Rxf2 27. Kxf2
Qd4+ 28. Kxe2 Rd8 29. Qc3 Qxg4+ 30. Kf2 h5 31. Re4 Qd1 32. Be2 Qb1 33. Qf6 1-0

[Event "M.Chigorin Memorial 2014"]
[Site "St. Petersburg"]
[Date "2014.10.25"]
[Round "8.69"]
[White "Bublei, Pavel"]
[Black "Vunder, Andrey"]
[Result "1/2-1/2"]
[WhiteElo "2339"]
[BlackElo "2181"]
[PlyCount "148"]
[EventDate "2014.10.18"]
[EventType "swiss"]
[EventCountry "RUS"]

1. d4 d5 2. c4 e6 3. Nc3 Be7 4. Nf3 Nf6 5. Bf4 O-O 6. e3 c5 7. dxc5 Bxc5 8. a3
Nc6 9. Be2 a6 10. O-O d4 11. exd4 Nxd4 12. b4 Nxf3+ 13. Bxf3 Bd4 14. Rc1 e5 15.
Be3 Bxe3 16. fxe3 Qe7 17. Nd5 Nxd5 18. Bxd5 a5 19. Qb3 Be6 20. e4 axb4 21. axb4
Ra6 22. Ra1 Rfa8 23. Rxa6 Rxa6 24. c5 h6 25. Qc3 Qc7 26. Rc1 Bd7 27. Qc4 Rf6
28. b5 Qa5 29. b6 Qd2 30. Rf1 Qe3+ 31. Kh1 Bg4 32. Rxf6 gxf6 33. h3 Be2 34. Qc2
Bd3 35. Qd1 Ba6 36. Qg1 Qc3 37. Qf2 Kg7 38. Kh2 Qc1 39. Qg3+ Kf8 40. Qh4 Ke7
41. Qf2 Qc3 42. Qg1 Kf8 43. Qd1 Qe3 44. Qf3 Qg5 45. c6 bxc6 46. Qa3+ Kg7 47.
Bxc6 Qd2 48. b7 Bd3 49. Qxd3 Qxd3 50. b8=Q Qe3 51. Qb1 Qf4+ 52. Kh1 h5 53. Qd1
f5 54. exf5 Qxf5 55. Qf3 Qxf3 56. Bxf3 h4 57. Be4 Kh6 58. Kg1 Kg5 59. Kf2 f5
60. Bb7 Kf4 61. Bc8 e4 62. Ba6 Ke5 63. Be2 f4 64. Bh5 Kd4 65. Ke2 Ke5 66. Bg4
Kd4 67. Kd2 Ke5 68. Ke2 Kd4 69. Bf3 Ke5 70. Bh5 Kd4 71. Bg4 Ke5 72. Bh5 Kd4 73.
Bf3 Ke5 74. Bg4 Kd4 1/2-1/2

[Event "M.Chigorin Memorial 2014"]
[Site "St. Petersburg"]
[Date "2014.10.25"]
[Round "8.70"]
[White "Timerkhanov, Alexander"]
[Black "Kolodkin, Daniil"]
[Result "1-0"]
[WhiteElo "2324"]
[BlackElo "2072"]
[PlyCount "39"]
[EventDate "2014.10.18"]
[EventType "swiss"]
[EventCountry "RUS"]

1. d4 Nf6 2. Bg5 Ne4 3. Bf4 c5 4. f3 Qa5+ 5. c3 Nf6 6. d5 Qb6 7. e4 Qxb2 8. Nd2
Qxc3 9. Bc7 d6 10. Ne2 Qe3 11. Rb1 Nbd7 12. Nc4 Qh6 13. Qa4 g6 14. Nb6 Rb8 15.
e5 dxe5 16. Qxa7 Nxb6 17. Bxb6 Nd7 18. Bc7 Qh4+ 19. g3 Qh5 20. Bg2 1-0

[Event "M.Chigorin Memorial 2014"]
[Site "St. Petersburg"]
[Date "2014.10.25"]
[Round "8.71"]
[White "Savinov, Leonid"]
[Black "Batyuk, Artem"]
[Result "1/2-1/2"]
[WhiteElo "2184"]
[BlackElo "2324"]
[PlyCount "119"]
[EventDate "2014.10.18"]
[EventType "swiss"]
[EventCountry "RUS"]

1. d4 Nf6 2. c4 c5 3. d5 b5 4. cxb5 a6 5. bxa6 g6 6. Nc3 Bxa6 7. g3 d6 8. Bg2
Nbd7 9. Nf3 Bg7 10. O-O Nb6 11. Rb1 Bc4 12. Nd2 Bxa2 13. Nxa2 Rxa2 14. Nc4 Nxc4
15. Qb3 Rxb2 16. Bxb2 Nd2 17. Qa4+ Kf8 18. Qa7 Nxb1 19. Rxb1 Qd7 20. Qb8+ Qe8
21. Bc3 Qxb8 22. Rxb8+ Ne8 23. Rxe8+ Kxe8 24. Bxg7 Rg8 25. Bc3 Kd7 26. Kf1 Rb8
27. Ke1 Rb1+ 28. Kd2 e6 29. Bf6 Rg1 30. Be4 Kc7 31. h4 Kd7 32. Bb2 f5 33. dxe6+
Kxe6 34. Bc2 d5 35. Bg7 Rf1 36. Bf8 Rxf2 37. Bxc5 Rg2 38. Be3 Rxg3 39. Bg5 Rg4
40. Bd3 h6 41. Bxh6 Rxh4 42. Bg7 Ra4 43. Ke3 g5 44. Kf2 Kf7 45. Be5 Kg6 46. Kg3
Ra3 47. Kg2 Ra7 48. Kg3 Ra8 49. Kf2 Kh5 50. Ke3 f4+ 51. Kd4 Rd8 52. Bf5 Kh4 53.
Be6 Rf8 54. Bd6 Rd8 55. Be5 Kg3 56. e3 Re8 57. exf4 gxf4 58. Kxd5 Kf3 59. Bxf4
Kxf4 60. Kd6 1/2-1/2

[Event "M.Chigorin Memorial 2014"]
[Site "St. Petersburg"]
[Date "2014.10.25"]
[Round "8.72"]
[White "Kostyuchenko, Vladimir"]
[Black "Musaev, Rasul"]
[Result "1-0"]
[WhiteElo "2169"]
[BlackElo "2316"]
[PlyCount "113"]
[EventDate "2014.10.18"]
[EventType "swiss"]
[EventCountry "RUS"]

1. d4 g6 2. e4 Bg7 3. Nf3 d6 4. Be2 c5 5. c3 Nd7 6. O-O Nh6 7. Bg5 O-O 8. Qc1
Ng4 9. h3 Ngf6 10. Nbd2 Qc7 11. Re1 h6 12. Be3 Kh7 13. b4 b6 14. Rb1 Bb7 15.
bxc5 Nxe4 16. cxd6 exd6 17. Nxe4 Bxe4 18. Rb3 Rac8 19. Bf4 f5 20. Ba6 Rce8 21.
Qa3 Bxf3 22. Rxe8 Rxe8 23. gxf3 Re1+ 24. Kg2 Bf8 25. Rb4 Qd8 26. Qb3 Nf6 27.
Bd2 Re8 28. Qf7+ Bg7 29. Bb5 Re7 30. Qc4 Rc7 31. Qe6 Re7 32. Qc4 Nh5 33. Qd5
Bf6 34. f4 Bh4 35. Rc4 Nf6 36. Qf3 Ne4 37. Be1 Qg8 38. Ra4 d5 39. c4 Rc7 40.
cxd5 Qxd5 41. Qb3 Qd6 42. Qa3 Qd5 43. Qb3 Qb7 44. Ba6 Qc6 45. Bb5 Qc1 46. Rc4
Qxf4 47. Rxc7+ Qxc7 48. Qe6 Qg7 49. Bc4 Bf6 50. f3 Ng5 51. Qd5 Bxd4 52. h4 Nxf3
53. Kxf3 Bf6 54. h5 Bg5 55. Bd3 Qe7 56. hxg6+ Kg7 57. Bc3+ 1-0